अपना करियर सँवारे/ (Record no. 204989)

MARC details
000 -LEADER
fixed length control field 00758nam a22001937a 4500
005 - DATE AND TIME OF LATEST TRANSACTION
control field 20240812130705.0
010 ## - LCCN (DPL NO)
LC control number HIN-128152
020 ## - INTERNATIONAL STANDARD BOOK NUMBER
International Standard Book Number 9789394049024
Terms of availability 920.00
035 ## - SYSTEM CONTROL NUMBER
System control number HN-100498
037 ## - SOURCE OF ACQUISITION
Source of stock number/acquisition DBAD
082 ## - DEWEY DECIMAL CLASSIFICATION NUMBER
Classification number 158.1
100 ## - MAIN ENTRY--PERSONAL NAME
Personal name रॉय ,मनोहर
245 ## - TITLE STATEMENT
Title अपना करियर सँवारे/
Statement of responsibility, etc रॉय ,मनोहर
250 ## - EDITION STATEMENT
Edition statement 1
260 ## - PUBLICATION, DISTRIBUTION, ETC. (IMPRINT)
Place of publication, distribution, etc दिल्ली
Name of publisher, distributor, etc आर्यन पब्लिकेशन
Date of publication, distribution, etc 2021
270 ## - ADDRESS
Address 1/11137, तीसरी मंजिल, गली नो.10 सुभाष पार्क, शाहदरा,
City दिल्ली
Postal code 110032
300 ## - PHYSICAL DESCRIPTION
Extent 200 पृ.
Dimensions 22सेमी(सजिल्द)
942 ## - ADDED ENTRY ELEMENTS (KOHA)
Source of classification or shelving scheme Dewey Decimal Classification
Item type Hindi Books
Classification part 158.1
Call number suffix रॉयम
Holdings
Withdrawn status Lost status Not for loan Collection code Home library Current library Date acquired Source of acquisition Cost, normal purchase price Full call number Barcode Copy number Cost, replacement price Koha item type
      Non-fiction Patel Nagar Patel Nagar 12/08/2024 DBAD 920.00 158.1 रॉयम HN-100498 1 920.00 Hindi Books

© Delhi Public Library
Hit Counter
free hit counter